Pays les plus proches de Hongrie - Statistiques

Statistiques générales
  • Ce quiz a été pris 407 fois
  • Le résultat moyen est 18 sur 20
Statistiques - réponses
km pays % Correct
0 Autriche
99%
76 Pologne
98%
0 Slovaquie
98%
220 Allemagne
96%
0 Serbie
95%
0 Slovénie
95%
0 Roumanie
94%
69 Tchèquie
94%
0 Ukraine
94%
0 Croatie
93%
428 Suisse
91%
68 Bosnie- Herzégovine
90%
258 Bulgarie
90%
187 Italie
89%
279 Moldavie
88%
318 Kosovo
86%
357 Albanie
85%
246 Monténégro
85%
357 Biélorussie
83%
421 Saint-Marin
68%
Aucun quiz correspondant
Distribution des résultats
% des personnes avec chaque résultat
Percentile par nombre de réponses
Votre historique - résultats
Vous n’avez pas pris ce quiz